<?xml version="1.0" encoding="UTF-8"?><?xml-stylesheet type="text/xsl" href="static/style.xsl"?><OAI-PMH xmlns="http://www.openarchives.org/OAI/2.0/" xmlns:xsi="http://www.w3.org/2001/XMLSchema-instance" xsi:schemaLocation="http://www.openarchives.org/OAI/2.0/ http://www.openarchives.org/OAI/2.0/OAI-PMH.xsd"><responseDate>2026-04-17T02:43:09Z</responseDate><request verb="GetRecord" identifier="oai:www.recercat.cat:2072/437845" metadataPrefix="marc">https://recercat.cat/oai/request</request><GetRecord><record><header><identifier>oai:recercat.cat:2072/437845</identifier><datestamp>2025-02-25T09:41:50Z</datestamp><setSpec>com_2072_98</setSpec><setSpec>col_2072_378192</setSpec></header><metadata><record xmlns="http://www.loc.gov/MARC21/slim" xmlns:dcterms="http://purl.org/dc/terms/" xmlns:xsi="http://www.w3.org/2001/XMLSchema-instance" xmlns:doc="http://www.lyncode.com/xoai" xsi:schemaLocation="http://www.loc.gov/MARC21/slim http://www.loc.gov/standards/marcxml/schema/MARC21slim.xsd">
   <leader>00925njm 22002777a 4500</leader>
   <datafield ind2=" " ind1=" " tag="042">
      <subfield code="a">dc</subfield>
   </datafield>
   <datafield ind2=" " ind1=" " tag="720">
      <subfield code="a">Lorenzoni Lasta, Letícia</subfield>
      <subfield code="e">author</subfield>
   </datafield>
   <datafield ind2=" " ind1=" " tag="720">
      <subfield code="a">de Fátima Guareschi, Neuza Maria</subfield>
      <subfield code="e">author</subfield>
   </datafield>
   <datafield ind2=" " ind1=" " tag="260">
      <subfield code="c">2019</subfield>
   </datafield>
   <datafield ind2=" " ind1=" " tag="520">
      <subfield code="a">Este artigo analisa as estratégias de Governos pós-ditadura militar até o Governo Dilma Rousseff para mostrar as condições de emergência das políticas públicas de assistência so-cial no Brasil em uma dada/datada racionalidade política, bem como a vida humana passa a ser útil e eficiente a lógica neoliberal. Para realizar esta analise atentamos para as con-dições que acompanharam o aparecimento e a articulação de um conjunto de discursos (práticas) socioassistenciais a estratégias de governo no contemporâneo, identificando o acontecimento discursivo a partir do qual se passou a definir a assistência social. A partir dos estudos foucaultianos sobre governamentalidade, organizamos esta discussão a partir de dois pontos - de que governo se quer falar e as apostas de Governo no Brasil e o neo-liberalismo. Com isso,apontamos como a proliferação das políticas socioassistenciais vai ao encontro de uma agenda neoliberal, anunciada e instaurada no país, a qual nos conduziu ao governo da vida.</subfield>
   </datafield>
   <datafield ind2=" " ind1=" " tag="520">
      <subfield code="a">This article analyzes the strategies of post-military dictatorship governments until the government Dilma Rousseff to show the emergency conditions of public policies of social assistance in Brazil in a date/ dated political rationality and human life becomes useful and efficient neoliberal logic. To realize this analysis, we look at the conditions that ac-companied the emergence and articulation of a set of discourses (practices) social assis-tance the government strategies in today, identifying the event discourse from which it came to define social assistance. From Foucault's studies of governmentality, we organized this discussion from two points - that government wants to talk and government stakes in Brazil and neoliberalism. Thus, we pointed out as such proliferation of social assistance policies consistent with a neoliberal agenda, already announced and established in the country, which leads to life government.</subfield>
   </datafield>
   <datafield tag="653" ind2=" " ind1=" ">
      <subfield code="a">Política pública</subfield>
   </datafield>
   <datafield tag="653" ind2=" " ind1=" ">
      <subfield code="a">Governo</subfield>
   </datafield>
   <datafield tag="653" ind2=" " ind1=" ">
      <subfield code="a">Vida</subfield>
   </datafield>
   <datafield tag="653" ind2=" " ind1=" ">
      <subfield code="a">Neoliberalismo</subfield>
   </datafield>
   <datafield tag="653" ind2=" " ind1=" ">
      <subfield code="a">Public policies</subfield>
   </datafield>
   <datafield tag="653" ind2=" " ind1=" ">
      <subfield code="a">Government</subfield>
   </datafield>
   <datafield tag="653" ind2=" " ind1=" ">
      <subfield code="a">Life</subfield>
   </datafield>
   <datafield tag="653" ind2=" " ind1=" ">
      <subfield code="a">Neoliberalism</subfield>
   </datafield>
   <datafield ind2="0" ind1="0" tag="245">
      <subfield code="a">O governo da vida : um efeito da racionalidade política neoliberal</subfield>
   </datafield>
</record></metadata></record></GetRecord></OAI-PMH>